Statistics for Bhutan Country Quiz

Click here to take the quiz!

General Stats

  • This quiz has been taken 18,218 times
    (18,121 since last reset)
  • The average score is 16 of 20

Answer Stats

HintAnswer% Correct
Bordering countriesChina
99%
Bordering countriesIndia
99%
State religionBuddhism
96%
Mountain range in which Bhutan is locatedHimalayas
96%
International body that Bhutan did not join until 1971United Nations
94%
Ancient trade-road that went through Bhutan{Silk} Road
91%
Bhutan and Suriname are the only countries in the world that absorb more
of this than they emit
Carbon Dioxide
89%
"Autonomous" region of country #1 which Bhutan bordersTibet
89%
Gangkhar Puensum is generally considered to be the highest mountain in the world
that has never been _____
Climbed
88%
Animal depicted on the flagDragon
83%
Bhutan has the highest average ______ of any countryElevation
82%
Only three foreign countries have this type of diplomatic building in BhutanEmbassy
82%
Bhutan charges these type of people at least $200/day to be in BhutanTourists
82%
Capital cityThimphu
78%
In 2010, Bhutan became the first country to ban the sale of this unhealthy productTobacco
76%
Position held by Jigme Khesar since 2005King
74%
Many countries measure Gross National Product. What does Bhutan also measure?Gross National
{Happiness}
61%
Bhutan is the only country where this is the most popular sport (hint: starts with A)Archery
46%
Official language{Dzong}kha
31%
Former capital until 1955Punakha
16%

Score Distribution

Percentile by Number Answered

Percent of People with Each Score

Your Score History

You have not taken this quiz since the last reset